LDR 01202nam a2200265 i 4500 001 000000202220 003 CaOOAMICUS 005 20220615150623.0 008 160627s1974 it u000 u mul u 040 $aSeMil$bita 100 1 $aSchulz, Dora.$0(OLS)http://semarc/name/73081 245 10$aDeutsche Sprachlehre für italiener :$bGrundstufe Neubearbeitung /$cDora Schulz, Heinz Griesbach. 250 $aNuova ed. riveduta e corretta / bearbeitet von G. Franceschini Zambrini, E. Jacobacci. 264 1$aMilano :$bEdizioni A.P.E.,$c1974. 264 1$aMilano :$bMursia,$c1974. 300 $aXV, 363 p. ;$c24 cm. 650 4$aLingua tedesca - Insegnamento.$0(OLS)http://semarc/subject/38008 700 1 $aGriesbach, Heinz.$0(OLS)http://semarc/name/73082 850 $aSeMil 852 $aSeMil$W1$xVenegono$y1$m1Q III 69$j233159$B152743$CSeMilBibl$Z2$F212714 $81 961 $aLascito: Calori don Carlo 996 $6245$aDeutsche Sprachlehre für italiener :$bGrundstufe Neubearbeitung$9(OLS)http://semarc/title/292719 996 $6264$aMilano :$bMursia$9(OLS)http://semarc/publisher/30230 996 $6264$aMilano :$bEdizioni A.P.E.$9(OLS)http://semarc/publisher/49707